LIBRARY & INFORMATION CENTRE, KCAET, TAVANUR

ONLINE PUBLIC ACCESS CATALOGUE (OPAC)

Methods in Food Microbiology (Record no. 15687)

MARC details
000 -LEADER
fixed length control field 00361nam a22001457a 4500
003 - CONTROL NUMBER IDENTIFIER
control field OSt
008 - FIXED-LENGTH DATA ELEMENTS--GENERAL INFORMATION
fixed length control field 190528b ||||| |||| 00| 0 eng d
020 ## - INTERNATIONAL STANDARD BOOK NUMBER
ISBN 9789383285495
082 ## - DEWEY DECIMAL CLASSIFICATION NUMBER
Classification number 664.0015
Item number ANE/ME
100 ## - MAIN ENTRY--AUTHOR NAME
Personal name Anelich, Nigel
245 ## - TITLE STATEMENT
Title Methods in Food Microbiology
260 ## - PUBLICATION, DISTRIBUTION, ETC. (IMPRINT)
Place of publication New Delhi
Name of publisher Agri Horti Press
Year of publication 2017
300 ## - PHYSICAL DESCRIPTION
Number of Pages 243 p.
942 ## - ADDED ENTRY ELEMENTS (KOHA)
Koha item type Books
Holdings
Withdrawn status Lost status Damaged status Collection code Home library Current library Shelving location Date acquired Cost, normal purchase price Full call number Accession Number Koha item type
      Non-fiction KAUAET KAUAET General Stacks 28/05/2019 1495.00 664.0015 ANE/ME 25902 Books
free website counter